[Event "46th Capablanca Memorial Open A"]
[Site "Havana CUB"]
[Date "2010.05.15"]
[Round "5.8"]
[White "Ordaz Valdes, Lisandra Teresa"]
[Black "Hevia Alejano, Carlos Antonio"]
[Result "0-1"]
[WhiteTitle "WIM"]
[BlackTitle "FM"]
[WhiteElo "2348"]
[BlackElo "2464"]
[WhiteFideId "3506940"]
[BlackFideId "3508811"]
[EventDate "2011.05.11"]

1. d4 Nf6 2. c4 e6 3. Nc3 Bb4 4. e3 O-O 5. Ne2 d5 6. a3 Be7 7. cxd5 exd5 8. g3
Re8 9. Bg2 Bf8 10. O-O a5 11. f3 c5 12. Kh1 Na6 13. Nf4 Nc7 14. Qd3 b6 15. Rd1
Ba6 16. Qc2 cxd4 17. exd4 b5 18. Bf1 Qd7 19. Bh3 Qc6 20. Nd3 Ne6 21. Bxe6 Qxe6
22. Bf4 b4 23. Na4 bxa3 24. bxa3 Qf5 25. Qd2 g5 26. Bxg5 Bxd3 27. Bxf6 Qxf3+ 28.
Qg2 Be4 29. Qxf3 Bxf3+ 30. Kg1 Bxd1 31. Rxd1 Rac8 32. Be5 Re6 33. Rd3 f6 34. Bf4
Rc4 35. Nc3 Bxa3 36. Nxd5 Bb2 37. Ne3 Bxd4 38. Kg2 Bxe3 39. Bxe3 a4 40. Ra3 Ra6 0-1

[Event "46th Capablanca Memorial Open A"]
[Site "Havana CUB"]
[Date "2010.05.15"]
[Round "5.9"]
[White "Quesada Perez, Yasser"]
[Black "Obregon Rivero, Juan Carlos"]
[Result "1/2-1/2"]
[WhiteTitle "FM"]
[BlackTitle "FM"]
[WhiteElo "2401"]
[BlackElo "2445"]
[WhiteFideId "3509362"]
[BlackFideId "3507815"]
[EventDate "2011.05.11"]

1. e4 c5 2. Nf3 Nc6 3. d4 cxd4 4. Nxd4 g6 5. c4 Nf6 6. Nc3 Bg7 7. Be3 O-O 8. f3
Qb6 9. Na4 Qa5+ 10. Nc3 d6 11. Qd2 Nd7 12. Nc2 b6 13. Be2 Bb7 14. O-O Rfc8 15.
Rab1 Nce5 16. Na3 Ba6 17. Nd5 Qxd2 18. Bxd2 Kf8 19. b3 e6 20. Nb4 Bb7 21. Be3 a5
22. Nd3 Nc6 23. Nb5 Ke7 24. Rfd1 Rd8 25. Bg5+ Bf6 26. Bxf6+ Nxf6 27. Nb2 Na7 28.
Nc3 Nd7 29. Rd2 Bc6 30. f4 Nc5 31. Bf3 f6 32. Nd3 e5 33. fxe5 dxe5 34. Rbd1 Rd4
35. Ne2 Rd7 36. Nxc5 Rxd2 37. Rxd2 bxc5 38. Nc3 Rd8 39. Rxd8 Kxd8 40. Kf2 Nc8
41. Ke3 Kc7 42. h4 Nd6 43. h5 Nf7 44. hxg6 hxg6 45. Bg4 Ng5 46. g3 Nf7 47. Bf3
Nh6 48. Kf2 Nf7 49. Ke3 Ng5 50. Bg4 Kd8 51. Kd3 Kc7 52. Ke3 Kb7 53. a3 Kc7 54.
Kd3 Kd6 55. Ke3 Nf7 56. Bf3 Kd7 57. Be2 Nd6 58. Bd3 Ke7 59. Na2 Kd8 60. b4 cxb4
61. axb4 a4 62. b5 Be8 63. Nb4 a3 64. Kd2 Nb7 65. Bb1 Bf7 66. Nc2 Nd6 67. Nxa3
Bxc4 68. Bd3 Bxd3 69. Kxd3 Kc7 70. g4 g5 71. b6+ Kc6 72. Nc4 Nb7 73. Ke3 Kb5 74.
Nd2 Kxb6 75. Nf1 Nc5 76. Ng3 Kb5 77. Nh5 Nd7 78. Ng7 Kc4 79. Ne8 Kc3 80. Nc7 Kc4
81. Nd5 Kc5 82. Kd3 Kd6 83. Ke3 Ke6 84. Nc7+ Kf7 85. Nd5 Nc5 86. Nc7 Nd7 87. Kd3
Nf8 88. Nb5 Ke7 89. Nc3 Ng6 90. Kc4 Nh4 91. Nd1 Ng2 92. Kc5 Kd7 93. Nf2 Ne3 94.
Kb6 Ke6 95. Kb5 Nc2 96. Kc4 1/2-1/2

[Event "46th Capablanca Memorial Open A"]
[Site "Havana CUB"]
[Date "2010.05.15"]
[Round "5.11"]
[White "Figueredo Losada, Leonel"]
[Black "Gonzalez Vidal, Yuri"]
[Result "0-1"]
[WhiteTitle "FM"]
[BlackTitle "GM"]
[WhiteElo "2381"]
[BlackElo "2504"]
[WhiteFideId "3507971"]
[BlackFideId "3503321"]
[EventDate "2011.05.11"]

1. e4 e5 2. Nf3 Nc6 3. Bb5 a6 4. Ba4 Nf6 5. O-O Be7 6. Re1 b5 7. Bb3 d6 8. c3
O-O 9. d3 Na5 10. Bc2 c5 11. Nbd2 Re8 12. Nf1 h6 13. Ne3 Bf8 14. d4 exd4 15.
cxd4 Bb7 16. dxc5 dxc5 17. e5 Qxd1 18. Rxd1 Bxf3 19. gxf3 Rxe5 20. b3 Nc6 21.
Bb2 Nd4 22. Bxd4 cxd4 23. Nf5 Rc8 24. Nxd4 Bc5 25. Rac1 Bxd4 26. Bh7+ Kxh7 27.
Rxc8 Bc5 28. Kf1 Rh5 29. Rc1 Ba3 30. R1c7 Rxh2 31. Rxf7 Rh1+ 32. Kg2 Rh5 33. Rc6
Nd5 34. Rxa6 b4 35. f4 Bb2 36. Kf3 Bf6 37. Rd7 Kg6 38. a4 bxa3 39. Rxa3 Rh3+ 40.
Kg4 Rh4+ 41. Kg3 Nxf4 42. Kf3 Ne6 43. Rd6 Rh3+ 44. Ke4 Rxb3 45. Rxb3 Nc5+ 46.
Kd5 Nxb3 47. Kc4 Nd4 48. Kd3 Kf5 49. Ke3 Kg4 50. Ra6 h5 51. Kd2 Kf3 52. Ke1 Kg2 0-1

[Event "46th Capablanca Memorial Open A"]
[Site "Havana CUB"]
[Date "2010.05.15"]
[Round "5.13"]
[White "Guerra Mojena, Leandro"]
[Black "Fernandez Cardoso, Alexey"]
[Result "1-0"]
[WhiteTitle "FM"]
[BlackTitle "FM"]
[WhiteElo "2337"]
[BlackElo "2473"]
[WhiteFideId "3513602"]
[BlackFideId "3504379"]
[EventDate "2011.05.11"]

1. e4 c5 2. Nf3 Nc6 3. Nc3 Nf6 4. Bb5 Nd4 5. e5 Nxb5 6. Nxb5 Nd5 7. Ng5 f5 8.
O-O e6 9. d4 c4 10. Re1 b6 11. Qe2 Ba6 12. Qxc4 Rc8 13. Qa4 Bxb5 14. Qxb5 a6 15.
Qe2 Be7 16. c4 Bxg5 17. Bxg5 Qxg5 18. cxd5 O-O 19. dxe6 dxe6 20. Qxa6 f4 21.
Qxb6 Qg6 22. d5 Rfe8 23. dxe6 f3 24. g3 Rxe6 25. Qb3 Rf8 26. Re3 Qg4 27. h3 Qxh3
28. Rxf3 Re8 29. Rd1 Kh8 30. Qb4 Kg8 31. Qf4 g5 32. Qxg5+ Kh8 33. Rd8 1-0

[Event "46th Capablanca Memorial Open A"]
[Site "Havana CUB"]
[Date "2010.05.15"]
[Round "5.14"]
[White "Rodriguez Garcia, Victor"]
[Black "Guerra Mendez, Jose Angel"]
[Result "1/2-1/2"]
[WhiteTitle "FM"]
[BlackTitle "IM"]
[WhiteElo "2331"]
[BlackElo "2472"]
[WhiteFideId "3506320"]
[BlackFideId "3508129"]
[EventDate "2011.05.11"]

1. e4 e5 2. Nf3 Nc6 3. Bb5 a6 4. Ba4 Nf6 5. O-O Be7 6. Bxc6 dxc6 7. d3 Nd7 8.
Nbd2 O-O 9. Nc4 f6 10. Nh4 Nc5 11. Nf5 Bxf5 12. exf5 Qd7 13. Qg4 Kh8 14. Re1
Rad8 15. Qh5 b6 16. b3 Nb7 17. Bb2 b5 18. Ne3 Bc5 19. Rad1 Bd4 20. Bxd4 exd4 21.
Nf1 Rfe8 22. Ng3 Nd6 23. Qg4 Nf7 24. Qf4 1/2-1/2

[Event "46th Capablanca Memorial Open A"]
[Site "Havana CUB"]
[Date "2010.05.15"]
[Round "5.15"]
[White "de Francesco, Klaus"]
[Black "Martinez Duanny, Lelys Stanley"]
[Result "1/2-1/2"]
[WhiteTitle "FM"]
[BlackTitle "GM"]
[WhiteElo "2312"]
[BlackElo "2452"]
[WhiteFideId "4613945"]
[BlackFideId "3504727"]
[EventDate "2011.05.11"]

1. d4 Nf6 2. c4 d6 3. Nc3 Nbd7 4. Nf3 e5 5. e3 g6 6. g3 Bg7 7. Bg2 O-O 8. O-O c6
9. Re1 Re8 10. b3 e4 11. Nd2 d5 12. cxd5 cxd5 13. f3 exf3 14. Qxf3 Nb6 15. Bb2
Bg4 16. Qf2 Bf5 17. a4 a5 18. h3 h5 19. Ba3 Qd7 20. Kh2 Rac8 21. Rac1 Rc6 22.
Nb5 Nc8 23. Rxc6 bxc6 24. Nc3 Qc7 25. e4 dxe4 26. Ndxe4 Nxe4 27. Nxe4 Bxe4 28.
Rxe4 Rxe4 29. Bxe4 Nb6 30. Kg2 1/2-1/2

[Event "46th Capablanca Memorial Open A"]
[Site "Havana CUB"]
[Date "2010.05.15"]
[Round "5.17"]
[White "Alarcon Casellas, Rolando"]
[Black "Morales Romero, Pedro"]
[Result "1/2-1/2"]
[WhiteTitle "FM"]
[BlackTitle "IM"]
[WhiteElo "2448"]
[BlackElo "2354"]
[WhiteFideId "3507610"]
[BlackFideId "3503798"]
[EventDate "2011.05.11"]

1. e4 c5 2. Nf3 g6 3. d4 cxd4 4. Qxd4 Nf6 5. e5 Nc6 6. Qa4 Nd5 7. Qe4 Ndb4 8.
Bb5 Qa5 9. Nc3 d5 10. exd6 Bf5 11. Bxc6+ Nxc6 12. Qe2 Bg7 13. O-O O-O 14. dxe7
Rfe8 15. Be3 Rxe7 16. Rfd1 Bg4 17. h3 Bxf3 18. Qxf3 Bxc3 19. bxc3 Qxc3 20. Rac1
Rae8 21. Rd3 Qb2 22. Rb3 Qxa2 23. Qf6 Qa5 24. Ra1 Qd8 25. Rd3 Rd7 26. Qxd8 Rexd8
27. Rxd7 Rxd7 28. Bxa7 Nxa7 29. Rxa7 1/2-1/2

[Event "46th Capablanca Memorial Open A"]
[Site "Havana CUB"]
[Date "2010.05.15"]
[Round "5.18"]
[White "Otero Acosta, Diasmany"]
[Black "Morales Romero, Romaris"]
[Result "1-0"]
[WhiteTitle "IM"]
[BlackTitle "FM"]
[WhiteElo "2440"]
[BlackElo "2323"]
[WhiteFideId "3503186"]
[BlackFideId "3502848"]
[EventDate "2011.05.11"]

1. d4 Nf6 2. c4 g6 3. Nc3 Bg7 4. e4 d6 5. Nf3 O-O 6. Be2 Na6 7. O-O e5 8. Be3
exd4 9. Nxd4 Nc5 10. f3 a5 11. Qd2 Re8 12. Rfd1 a4 13. Ndb5 Bd7 14. Rab1 Bc6 15.
Bf1 b6 16. Re1 Qc8 17. b4 axb3 18. axb3 Qb7 19. b4 Na4 20. Bd4 Nxc3 21. Nxc3 Qc8
22. Rbc1 Nd7 23. Nd5 Bxd4+ 24. Qxd4 Bb7 25. Ne3 Qd8 26. Ng4 Ne5 27. Nxe5 dxe5
28. Qxd8 Rexd8 29. c5 Rd4 30. c6 Bc8 31. Ra1 Rxa1 32. Rxa1 Be6 33. Ra8+ Kg7 34.
b5 Bc4 35. Ra4 Bxf1 36. Rxd4 exd4 37. Kxf1 Kf6 38. Ke2 Ke5 39. Kd3 f5 40. exf5
gxf5 41. g4 fxg4 42. fxg4 h6 43. h3 Kd5 44. h4 Ke5 45. g5 h5 46. g6 Kf6 47. Kxd4
Kxg6 48. Ke5 1-0

[Event "46th Capablanca Memorial Open A"]
[Site "Havana CUB"]
[Date "2010.05.15"]
[Round "5.19"]
[White "Davila, Carlos"]
[Black "Perez Garcia, Rodney"]
[Result "1/2-1/2"]
[WhiteTitle "IM"]
[BlackTitle "IM"]
[WhiteElo "2307"]
[BlackElo "2440"]
[WhiteFideId "6100040"]
[BlackFideId "3500918"]
[EventDate "2011.05.11"]

1. e4 e5 2. Nf3 Nf6 3. Nc3 Nc6 4. Bb5 Nd4 5. Ba4 Bc5 6. Nxe5 O-O 7. Nd3 Bb6 8.
e5 Ne8 9. Nd5 d6 10. Ne3 c6 11. c3 1/2-1/2

[Event "46th Capablanca Memorial Open A"]
[Site "Havana CUB"]
[Date "2010.05.15"]
[Round "5.20"]
[White "Rasmussen, Karsten"]
[Black "Garcia Martinez, Omar"]
[Result "1-0"]
[WhiteTitle "IM"]
[BlackTitle "FM"]
[WhiteElo "2434"]
[BlackElo "2318"]
[WhiteFideId "1400088"]
[BlackFideId "3500861"]
[EventDate "2011.05.11"]

1. d4 Nf6 2. Nf3 g6 3. c4 Bg7 4. g3 O-O 5. Bg2 c5 6. Nc3 d6 7. O-O Nc6 8. d5 Na5
9. Nd2 a6 10. Qc2 Rb8 11. b3 b5 12. Rb1 e6 13. e4 exd5 14. cxd5 Re8 15. Bb2 Bd7
16. h3 Rc8 17. Rbe1 b4 18. Nd1 Bb5 19. Nc4 Bxc4 20. bxc4 Rb8 21. e5 Nd7 22. e6
Nf6 23. Re3 fxe6 24. dxe6 Qb6 25. Qe2 Re7 26. Bxf6 Bxf6 27. Re4 Bd4 28. h4 Nc6
29. Kh1 b3 30. axb3 Qxb3 31. Ne3 Bxe3 32. Rxe3 Qb6 33. h5 Ne5 34. f4 Nc6 35. Qg4
Kh8 36. hxg6 hxg6 37. Qxg6 Rg7 38. Qf6 Ne7 39. g4 Kg8 40. Rh3 Qb2 41. Qh6 1-0

[Event "46th Capablanca Memorial Open A"]
[Site "Havana CUB"]
[Date "2010.05.15"]
[Round "5.21"]
[White "Prasca Sosa, Rafael"]
[Black "Larrua Gonzalez, Fernando Oscar"]
[Result "1/2-1/2"]
[WhiteTitle "IM"]
[BlackTitle "FM"]
[WhiteElo "2424"]
[BlackElo "2316"]
[WhiteFideId "3900819"]
[BlackFideId "3510662"]
[EventDate "2011.05.11"]

1. e4 e5 2. Nf3 Nf6 3. Nxe5 d6 4. Nf3 Nxe4 5. c4 d5 6. Nc3 Nf6 7. d4 Bb4 8. a3
Bxc3+ 9. bxc3 O-O 10. cxd5 Re8+ 11. Be2 Nxd5 12. Bd2 Qe7 13. c4 Nf6 14. h3 b5
15. cxb5 Nd5 16. Kf1 Bf5 17. Bc4 Nb6 18. Bb4 Qd7 19. Be2 a6 20. Ne5 Qd5 21. Rc1
axb5 22. Rc5 Qb7 23. Bxb5 N6d7 24. Nxd7 Bxd7 25. Bxd7 Nxd7 26. Rc1 Nb6 27. Kg1
Nd5 28. Qf3 Re6 29. Kh2 Rf6 30. Qg3 Rg6 31. Qf3 Rf6 32. Qe4 Re6 33. Qf3 Rf6 34.
Qe4 Re6 35. Qh4 Nxb4 36. axb4 Qxb4 37. Rxc7 Qd6+ 38. Qg3 Qxd4 39. Rhc1 Rae8 1/2-1/2

[Event "46th Capablanca Memorial Open A"]
[Site "Havana CUB"]
[Date "2010.05.15"]
[Round "5.22"]
[White "Garrido Dominguez, Jesus"]
[Black "Mendez Fortes, Eduardo Jesus"]
[Result "1-0"]
[WhiteTitle "IM"]
[BlackTitle "FM"]
[WhiteElo "2417"]
[BlackElo "2316"]
[WhiteFideId "2254174"]
[BlackFideId "3502376"]
[EventDate "2011.05.11"]

1. e4 c5 2. Nf3 d6 3. d4 cxd4 4. Nxd4 Nf6 5. Nc3 a6 6. Be2 e5 7. Nb3 Be7 8. O-O
O-O 9. Kh1 Be6 10. f4 exf4 11. Bxf4 Nc6 12. Qe1 Ne8 13. Nd5 Bxd5 14. exd5 Nb8
15. a4 Bf6 16. Na5 Nd7 17. Nc4 Nb6 18. Nxb6 Qxb6 19. Rb1 Nc7 20. a5 Qc5 21. c4
Rad8 22. b4 Qd4 23. Qg3 Rfe8 24. Rbd1 Qb2 25. Bd3 Qxb4 26. Bd2 Qb2 27. Qh3 g6
28. Qf3 Kg7 29. Rf2 Re7 30. Bg5 1-0

[Event "46th Capablanca Memorial Open A"]
[Site "Havana CUB"]
[Date "2010.05.15"]
[Round "5.24"]
[White "Ibarra Chami, Luis Fernando"]
[Black "Pulvett, Daniel"]
[Result "1/2-1/2"]
[WhiteTitle "IM"]
[BlackTitle "IM"]
[WhiteElo "2514"]
[BlackElo "2282"]
[WhiteFideId "5105048"]
[BlackFideId "3900410"]
[EventDate "2011.05.11"]

1. c4 e5 2. d3 Nc6 3. g3 g6 4. Nc3 Bg7 5. Bg2 d6 6. e3 Be6 7. Nge2 Qd7 8. Rb1
Nh6 9. b4 O-O 10. O-O Bh3 11. b5 Bxg2 12. Kxg2 Nd8 13. d4 exd4 14. Nxd4 Ne6 15.
Nde2 Ng5 16. f3 Qh3+ 17. Kg1 Nxf3+ 18. Rxf3 Ng4 19. Nd5 Qxh2+ 20. Kf1 Qh1+ 21.
Ng1 Nh2+ 22. Kf2 Ng4+ 23. Kf1 Nh2+ 24. Kf2 1/2-1/2

[Event "46th Capablanca Memorial Open A"]
[Site "Havana CUB"]
[Date "2010.05.15"]
[Round "5.25"]
[White "Lopez Vilier, Luis Angel"]
[Black "Oms Pallisse, Josep"]
[Result "1/2-1/2"]
[WhiteTitle "FM"]
[BlackTitle "GM"]
[WhiteElo "2316"]
[BlackElo "2501"]
[WhiteFideId "3509320"]
[BlackFideId "2205521"]
[EventDate "2011.05.11"]

1. Nf3 Nf6 2. c4 e6 3. d4 b6 4. g3 Bb4+ 5. Bd2 a5 6. Bg2 Bb7 7. Nc3 O-O 8. O-O
d6 9. Rc1 Nbd7 10. Ne1 Bxg2 11. Nxg2 h6 12. f3 e5 13. d5 Nh7 14. a3 Bxc3 15.
Rxc3 a4 16. Be3 Nc5 17. Qc2 Qd7 18. Nh4 f5 19. Kh1 f4 20. gxf4 Qh3 21. Ng2 exf4
22. Bxc5 bxc5 23. Rg1 Rae8 24. Qd2 Qf5 25. b3 Ng5 26. Ne1 Nh3 27. Rg2 Rb8 28.
Nd3 Rxb3 29. Rc1 Rfb8 30. Qe1 Ng5 31. Qh4 Rb1 32. Rcg1 Rxg1+ 33. Rxg1 Rf8 34.
Qh5 Qf6 35. h4 Nf7 36. Rg6 Qa1+ 37. Kg2 Ne5 38. Nxe5 Qxe5 39. Qxe5 dxe5 40. Ra6
Rb8 41. Rxa4 Rb3 42. Kf2 g5 43. hxg5 hxg5 44. Ra5 g4 45. fxg4 e4 46. Kf1 Rb1+
47. Kf2 Rb2 48. Ke1 Kf7 49. Rxc5 Kf6 50. d6 cxd6 51. Rf5+ Ke6 52. Rxf4 Ke5 53.
e3 Rc2 54. Rf5+ Ke6 55. Rd5 Rxc4 56. Rd4 Rc3 1/2-1/2

[Event "46th Capablanca Memorial Open A"]
[Site "Havana CUB"]
[Date "2010.05.15"]
[Round "5.26"]
[White "Castellanos Sanchez, Carlos M"]
[Black "Abreu Delgado, Aryam"]
[Result "0-1"]
[WhiteTitle "FM"]
[BlackTitle "GM"]
[WhiteElo "2293"]
[BlackElo "2485"]
[WhiteFideId "3501310"]
[BlackFideId "3502589"]
[EventDate "2011.05.11"]

1. e4 c5 2. Nf3 d6 3. d4 cxd4 4. Nxd4 Nf6 5. Nc3 a6 6. Bg5 e6 7. f4 h6 8. Bh4
Qb6 9. Qd2 Qxb2 10. Rb1 Qa3 11. f5 Be7 12. fxe6 fxe6 13. Be2 O-O 14. Bf2 Nc6 15.
O-O Qa5 16. Nxc6 bxc6 17. Bb6 Qg5 18. Be3 Qg6 19. Rb6 Qe8 20. e5 dxe5 21. Bf3
Bd7 22. Rb7 Rd8 23. Qe2 Bc8 24. Rb3 Nd5 25. Bf2 Bd6 26. Ne4 Bc7 27. g3 a5 28.
Bh5 Ba6 29. Qg4 Qe7 30. Re1 Nf6 31. Bc5 Bd6 32. Bxd6 Rxd6 33. Nxf6+ Rxf6 34. Qe4
Rd8 35. Bg4 Qc5+ 36. Rbe3 Rd4 37. Qxe5 Qxe5 38. Rxe5 Rxg4 0-1

[Event "46th Capablanca Memorial Open A"]
[Site "Havana CUB"]
[Date "2010.05.15"]
[Round "5.27"]
[White "Soppe, Guillermo"]
[Black "Fleites Martin, Yuleikys"]
[Result "1-0"]
[WhiteTitle "IM"]
[BlackTitle "WIM"]
[WhiteElo "2430"]
[BlackElo "2167"]
[WhiteFideId "100323"]
[BlackFideId "3502759"]
[EventDate "2011.05.11"]

1. g3 c5 2. Bg2 Nc6 3. c4 g6 4. Nc3 Bg7 5. Nf3 e5 6. d3 Nge7 7. Nd2 d6 8. Nf1 h5
9. h4 Rb8 10. Ne3 Nd4 11. Ned5 Nxd5 12. Bxd5 Bg4 13. f3 Be6 14. Be3 b5 15. Bxe6
fxe6 16. Nxb5 Nxb5 17. cxb5 Rxb5 18. b3 O-O 19. Rc1 Rf7 20. Kf2 Bf6 21. Qc2 Qb8
22. Rcg1 Rb4 23. Bd2 Rd4 24. Kg2 Qb7 25. Bc3 Bg7 26. Bxd4 exd4 27. Qc4 Rf6 28.
b4 Qxb4 29. Qxb4 cxb4 30. a3 bxa3 31. Ra1 Rf5 32. Rxa3 a5 33. Rha1 g5 34. Rxa5
gxh4 35. Rxf5 exf5 36. Ra5 hxg3 37. Rxf5 h4 38. Rf4 Be5 39. Rxh4 Kf7 40. f4 Bf6
41. Rh5 1-0

[Event "46th Capablanca Memorial Open A"]
[Site "Havana CUB"]
[Date "2010.05.15"]
[Round "5.28"]
[White "Diaz Hernandez, Heriberto"]
[Black "Wohl, Aleksandar H."]
[Result "1/2-1/2"]
[WhiteTitle "FM"]
[BlackTitle "IM"]
[WhiteElo "2300"]
[BlackElo "2411"]
[WhiteFideId "3508498"]
[BlackFideId "3200345"]
[EventDate "2011.05.11"]

1. e4 Nf6 2. Nc3 d5 3. e5 Nfd7 4. d4 c5 5. dxc5 e6 6. Nf3 Nc6 7. Bf4 Bxc5 8. Bd3
Be7 9. h4 f6 10. exf6 Nxf6 11. Nb5 O-O 12. Bc7 Qd7 13. Ne5 Nxe5 14. Bxe5 a6 15.
Nd4 Bd6 16. Qe2 Bxe5 17. Qxe5 Ng4 18. Qh5 Nf6 19. Qe5 Qf7 20. Nf3 h6 21. O-O Ng4
22. Qg3 Qf4 23. Qxf4 Rxf4 24. Rae1 Bd7 25. Re2 Kf7 26. Rfe1 Rf8 27. Nd2 Ke7 28.
f3 Nf6 29. g3 Rb4 30. Nb3 Kd6 31. c3 Rb6 32. f4 Ne8 33. Nd4 Nc7 34. b4 Rf6 35.
Re5 Nb5 36. Bxb5 axb5 37. R1e2 Ra6 38. Kg2 Ra8 39. Kf3 Rc8 40. R2e3 Ra8 41. Re2
Rc8 42. R2e3 Ra8 43. g4 Rxa2 44. g5 hxg5 45. hxg5 Rf8 46. Re2 Rxe2 47. Rxe2 Rh8
48. Kg3 1/2-1/2

[Event "46th Capablanca Memorial Open A"]
[Site "Havana CUB"]
[Date "2010.05.15"]
[Round "5.29"]
[White "Miranda Rodriguez, Tania"]
[Black "Borges Feria, Yasel"]
[Result "0-1"]
[WhiteTitle "WFM"]
[BlackTitle "FM"]
[WhiteElo "2167"]
[BlackElo "2406"]
[WhiteFideId "3510417"]
[BlackFideId "3504921"]
[EventDate "2011.05.11"]

1. e4 c5 2. Nf3 e6 3. d4 cxd4 4. Nxd4 a6 5. Bd3 Bc5 6. Nb3 Be7 7. c4 d6 8. Nc3
Nf6 9. Be3 O-O 10. O-O b6 11. f4 Nbd7 12. g4 Nc5 13. Bc2 Nxb3 14. axb3 Bb7 15.
g5 Nd7 16. Qh5 g6 17. Qh6 Re8 18. Rf3 Bf8 19. Qh4 Bg7 20. Rd1 Qc7 21. Rh3 Nf8
22. Qf2 Nd7 23. Na4 b5 24. Nb6 Nxb6 25. Bxb6 Qc6 26. Bd4 e5 27. fxe5 dxe5 28.
Rf1 Qd7 29. Bc5 Qxh3 30. Qxf7+ Kh8 31. Qxb7 Qg4+ 32. Kh1 Qxg5 33. Rf7 Qc1+ 34.
Bg1 Rab8 35. Qc6 Qxc2 36. cxb5 Qxb3 37. Rf2 Qxb5 0-1

[Event "46th Capablanca Memorial Open A"]
[Site "Havana CUB"]
[Date "2010.05.15"]
[Round "5.30"]
[White "Soto Hernandez, Henry"]
[Black "Calvo Quinteiro, Jose Manuel"]
[Result "0-1"]
[WhiteTitle "FM"]
[WhiteElo "2362"]
[BlackElo "2247"]
[WhiteFideId "3507475"]
[BlackFideId "3505154"]
[EventDate "2011.05.11"]

1. e4 e6 2. d4 d5 3. Nd2 c5 4. Ngf3 Nf6 5. e5 Nfd7 6. c3 Nc6 7. Bd3 cxd4 8. cxd4
Qb6 9. O-O Nxd4 10. Nxd4 Qxd4 11. Nf3 Qb6 12. Qa4 Qb4 13. Qc2 Nc5 14. Bd2 Qa4
15. b3 Qa3 16. Bb5+ Bd7 17. Bxd7+ Nxd7 18. Rfc1 Be7 19. Qc7 Qa6 20. Bg5 Bd8 21.
Bxd8 Rxd8 22. Rc2 O-O 23. Rac1 Nb6 24. Qe7 d4 25. Qh4 d3 26. Rd2 Rc8 27. Rcd1
Rc2 28. a4 Nd5 29. Ne1 Rxd2 30. Rxd2 Qa5 31. Rd1 Nb4 32. h3 Rd8 33. Qe4 d2 34.
Nf3 Nc6 35. Qe3 h6 36. Rxd2 Rxd2 37. Qxd2 Qxd2 38. Nxd2 Nxe5 39. f4 Nd3 40. g3
Kf8 41. Kf1 Ke7 42. Ke2 Nc5 43. Ke3 g5 44. fxg5 hxg5 45. h4 gxh4 46. gxh4 e5 47.
a5 f5 48. b4 Na6 49. Nc4 Kf6 50. b5 Nc5 51. Nd6 Ke6 52. h5 f4+ 53. Ke2 e4 54. h6
Kf6 55. Nc8 Nb3 56. Nd6 Nd4+ 57. Kf1 e3 58. Nxb7 Nxb5 59. Nc5 Nd4 60. Nd3 f3 61.
Ne5 e2+ 62. Kf2 a6 63. Nxf3 Nxf3 64. Kxe2 Nd4+ 65. Kd3 Nc6 66. Kc4 Nxa5+ 67. Kc5
Nb7+ 0-1

[Event "46th Capablanca Memorial Open A"]
[Site "Havana CUB"]
[Date "2010.05.15"]
[Round "5.31"]
[White "Fernandez Hernandez, Arturo A."]
[Black "Mena Crespo, Carlos"]
[Result "1/2-1/2"]
[WhiteTitle "FM"]
[BlackTitle "FM"]
[WhiteElo "2265"]
[BlackElo "2347"]
[WhiteFideId "3509230"]
[BlackFideId "3506410"]
[EventDate "2011.05.11"]

1. e4 e6 2. d4 d5 3. Nd2 Nf6 4. e5 Ng8 5. Bd3 b6 6. c3 Qd7 7. f4 Ne7 8. Ndf3 a5
9. Be3 Ba6 10. Ne2 Nf5 11. Bf2 h5 12. g3 Be7 13. O-O Bxd3 14. Qxd3 Nc6 15. b3 a4
16. b4 Na7 17. Rac1 b5 18. h3 O-O-O 19. Kg2 Rdg8 20. Qd2 Kb7 21. Rh1 Nc8 22.
Rcg1 Nb6 23. Kf1 Nc4 24. Qc1 Qe8 25. Ke1 Bd8 26. g4 hxg4 27. hxg4 Rxh1 28. Rxh1
Nh6 29. g5 Nf5 30. Ng3 Rh8 31. Ke2 Nxg3+ 32. Bxg3 f6 33. Rxh8 Qxh8 34. gxf6 gxf6
35. Nd2 Qh3 36. Nxc4 Qxg3 37. Nb2 Qg4+ 38. Kd3 fxe5 39. dxe5 a3 40. Nd1 Qf5+ 41.
Ke2 c6 42. Nf2 Bb6 43. Qd2 Qh5+ 44. Ke1 Qh4 45. Kf1 Qg3 46. Nd3 Be3 47. Qg2 Bxf4
48. Qxg3 Bxg3 49. Kg2 Bh4 50. Nc5+ Kb6 51. Nxe6 Be1 52. Nc5 Kc7 53. Na6+ Kc8 54.
e6 Bh4 55. Nc5 Kd8 56. Nb3 Ke7 57. Nd4 Bf6 58. Nxc6+ Kxe6 59. Nd4+ Bxd4 60. cxd4
Kf5 1/2-1/2

[Event "46th Capablanca Memorial Open A"]
[Site "Havana CUB"]
[Date "2010.05.15"]
[Round "5.32"]
[White "Camacho Martinez, Guillermo"]
[Black "Boada, Wiston"]
[Result "0-1"]
[WhiteTitle "FM"]
[BlackTitle "IM"]
[WhiteElo "2336"]
[BlackElo "2214"]
[WhiteFideId "3502520"]
[BlackFideId "3900495"]
[EventDate "2011.05.11"]

1. d4 g6 2. e4 Bg7 3. Nc3 d6 4. f4 a6 5. Nf3 b5 6. a4 b4 7. Ne2 Bb7 8. Ng3 Nd7
9. Bd3 c5 10. c3 cxd4 11. cxd4 Ngf6 12. a5 O-O 13. O-O e5 14. fxe5 dxe5 15. d5
Re8 16. Bc4 Rc8 17. b3 Rc5 18. Be3 Rxa5 19. Ng5 Rxa1 20. Qxa1 Ng4 21. d6 Nxe3
22. Bxf7+ Kh8 23. Bxe8 Qxg5 24. Bxd7 Nxf1 25. Qxf1 Qe3+ 26. Qf2 Qxf2+ 27. Kxf2
Bf8 28. Ke3 Bxd6 29. Kd3 Kg7 30. Be6 Kf6 31. Bd5 Bc8 32. Nf1 Bd7 33. Ne3 Bc5 34.
Nc4 Bb5 35. Kd2 Bg1 36. h3 Bd4 37. Ke1 h5 38. h4 Ke7 39. g3 Kf6 40. Nd6 Bd7 41.
Nc4 Be6 42. Bxe6 Kxe6 43. Ke2 Kd7 44. Kf3 Kc6 45. g4 Kd7 46. gxh5 gxh5 47. Ke2
Ke6 48. Nd2 Kd6 49. Nf1 Bb6 50. Ng3 Bd8 51. Kd3 Kc5 52. Nxh5 Bxh4 53. Ng7 Bf6
54. Nf5 a5 55. Kc2 Bd8 56. Kd3 Bc7 57. Ng7 Kb5 58. Ne6 Bb6 59. Ng5 a4 60. bxa4+
Kxa4 61. Nf3 Bc7 62. Nd2 b3 63. Nb1 Bb6 64. Nd2 Ka3 65. Kc4 b2 66. Kd3 Ba5 67.
Nb1+ Kb3 0-1